Guess the Harry Potter Movies by Scene #43 - Statistics

General Stats
  • This quiz has been taken 98 times
  • The average score is 18 of 20
Answer Stats
Picture Answer % Correct
Chamber of Secrets
100%
Deathly Hallows – Part 2
95%
Order of the Phoenix
95%
Chamber of Secrets
90%
Chamber of Secrets
90%
Deathly Hallows – Part 1
90%
Half-Blood Prince
90%
Philosopher's Stone
90%
Philosopher's Stone
90%
Chamber of Secrets
85%
Deathly Hallows – Part 1
85%
Deathly Hallows – Part 1
85%
Deathly Hallows – Part 2
85%
Goblet of Fire
85%
Half-Blood Prince
85%
Half-Blood Prince
85%
Order of the Phoenix
85%
Order of the Phoenix
85%
Order of the Phoenix
85%
Prisoner of Azkaban
85%
No matching quizzes found
Score Distribution
Percent of People with Each Score
Percentile by Number Answered
Your Score History
You have not taken this quiz